| 000 | nam a22 7a 4500 | ||
|---|---|---|---|
| 999 |
_c329776 _d329776 |
||
| 003 | NUST | ||
| 005 | 20170614123722.0 | ||
| 008 | 170522b xxu||||| |||| 00| 0 eng d | ||
| 040 | _cNUST | ||
| 041 | _hurdu | ||
| 082 |
_a891.4393 _bKRU |
||
| 100 |
_aDoctor Āʻẓam Kurevī. _91267 |
||
| 245 |
_aRoop singhar _cby Āʻẓam Kurevī. |
||
| 260 |
_aIslamabad: _bSigma press, _c2009 |
||
| 300 | _a181 p. | ||
| 500 | _aNovel | ||
| 546 | _aIn urdu | ||
| 650 |
_aUrdu Literature _9347 |
||
| 880 |
_aروپ سنگھار _6245-02\(3\r _cاعظم کریوی |
||
| 880 |
_aاعظم کریوی _6100-01\(3\r |
||
| 880 |
_aاسلام آباد: _6260-03\(3\r _bسگما پرنٹنگ پریس، _c2009 |
||
| 942 |
_2ddc _cBK |
||